Tìm hiểu văn hóa Thái Lan

Giới thiệu tóm tắt về đất nước, con người, địa lý và lịch sử Thái Lan, những ông vua vĩ đại của Vương quốc Xiêm qua từng giai đoạn lịch sử; tôn giáo, tín ngưỡng, lễ hội truyền thống và nghi lễ vòng đời; văn học, nghệ thuật; phong cá...

Cur síos iomlán

Đã lưu trong:
Sonraí Bibleagrafaíochta
Príomhúdar: Nguyễn, Trường Tân
Údair Eile: Tiến Sinh
Formáid: Leabhar
Teanga:Undetermined
Foilsithe: H. Thanh niên 2019
Ábhair:
Rochtain Ar Líne:http://lrc.tdmu.edu.vn/opac/search/detail.asp?aID=2&ID=37018
Clibeanna: Cuir Clib Leis
Gan Chlibeanna, Bí ar an gcéad duine leis an taifead seo a chlibeáil!
Thư viện lưu trữ: Trung tâm Học liệu Trường Đại học Thủ Dầu Một
LEADER 01255nam a2200217Ia 4500
001 TDMU_37018
008 210410s9999 xx 000 0 und d
082 |a 005.8 
090 |b NG527 
100 |a Nguyễn, Trường Tân 
245 0 |a Tìm hiểu văn hóa Thái Lan 
245 0 |c Trường Khang, Tiến Sinh, Văn Điều biên soạn 
260 |a H. 
260 |b Thanh niên 
260 |c 2019 
300 |a 370tr. 
520 |a Giới thiệu tóm tắt về đất nước, con người, địa lý và lịch sử Thái Lan, những ông vua vĩ đại của Vương quốc Xiêm qua từng giai đoạn lịch sử; tôn giáo, tín ngưỡng, lễ hội truyền thống và nghi lễ vòng đời; văn học, nghệ thuật; phong cách đất nước con người Thái Lan qua di sản nghề thủ công truyền thống, âm nhạc, ẩm thực, kiến trúc, thể thao, du lịch... 
650 |a Văn hóa  |z Thái Lan; Thái Lan  |x Lịch sử 
700 |a Tiến Sinh 
856 |u http://lrc.tdmu.edu.vn/opac/search/detail.asp?aID=2&ID=37018 
980 |a Trung tâm Học liệu Trường Đại học Thủ Dầu Một